|
|
|
|
| LEADER |
01482nam a2200301 a 4500 |
| 001 |
4510303 |
| 008 |
101110s1999 inua 001 0 eng d |
| 010 |
|
|
|a 98089433
|
| 020 |
|
|
|a 817635256x
|
| 020 |
|
|
|a 0735700214
|
| 040 |
|
|
|a OrMeJ
|c OrMeJ
|d DLC
|d BD-DhAAL
|
| 082 |
0 |
0 |
|a 005.2/76
|2 21
|
| 100 |
1 |
|
|a Harlow, Eric.
|
| 245 |
1 |
0 |
|a Developing Linux applications with GTK+ and GDK /
|c Eric Harlow.
|
| 260 |
|
|
|a Indianapolis, IN :
|b New Riders ;
|a New Delhi :
|b Techmedia,
|c c1999.
|
| 300 |
|
|
|a xii, 488 p. :
|b ill. ;
|c 24 cm.
|
| 490 |
0 |
|
|a New Riders professional library
|
| 500 |
|
|
|a Includes index.
|
| 541 |
|
|
|e 00015518
|
| 630 |
0 |
0 |
|a Linux.
|
| 650 |
|
0 |
|a Application software
|x Development.
|
| 650 |
|
0 |
|a Graphical user interfaces (Computer systems)
|
| 852 |
4 |
|
|a Ayesha Abed Library
|j General shelf
|
| 999 |
|
|
|c 10086
|d 10086
|
| 952 |
|
|
|0 0
|1 0
|2 ddc
|4 0
|6 005_276000000000000_HAR
|7 0
|9 13300
|a BRACUL
|b BRACUL
|c GEN
|d 2010-11-27
|l 1
|m 13
|o 005.276 HAR
|p 3010015518
|r 2018-11-18
|s 2018-05-19
|t 1
|w 2010-11-27
|y BK
|
| 952 |
|
|
|0 0
|1 0
|2 ddc
|4 0
|6 005_276000000000000_HAR
|7 0
|9 13301
|a BRACUL
|b BRACUL
|c GEN
|d 2010-11-27
|l 0
|o 005.276 HAR
|p 3010015519
|r 2010-11-27
|t 2
|w 2010-11-27
|y BK
|
| 952 |
|
|
|0 0
|1 0
|2 ddc
|4 0
|6 005_276000000000000_HAR
|7 0
|9 13307
|a BRACUL
|b BRACUL
|c GEN
|d 2010-11-27
|l 1
|m 2
|o 005.276 HAR
|p 3010015521
|r 2017-12-12
|s 2017-11-19
|t 4
|w 2010-11-27
|y BK
|
| 952 |
|
|
|0 0
|1 0
|2 ddc
|4 0
|6 005_276000000000000_HAR
|7 0
|9 13313
|a BRACUL
|b BRACUL
|c GEN
|d 2010-11-27
|l 3
|m 32
|o 005.276 HAR
|p 3010015520
|r 2025-09-20
|s 2024-12-11
|t 3
|w 2010-11-27
|y BK
|